000 00447nam a2200145Ia 4500
008 151213s9999 xx 000 0 und d
100 _aJ. R. R. Tolkeen
245 _aThe Fellowship of the Ring : Being the First Part of the Lord of the Rings.
_cJ. R. R. Tolkeen
260 _aNew Yeork
_bHoughton Mittlin
_c1994
300 _a1995 p.
650 _aEnglish Literature
650 _aEnglish Literature
700 _aJ. R. R. Tolkeen
999 _c1461
_d1461